Miasta w Kujawsko-Pomorskim powyżej 5k mieszkańców na mapie - Statystyki

Ogólne statystyki
  • Ten quiz został rozwiązany 12 razy
  • Średni wynik to 17 z 31
Odpowiedzi na mapie
Odpowiedzi zakodowano w zielono-czerwonej skali na mapie do tego quizu, zgodnie z poniższymi procentami.
 
Statystyki odpowiedzi
Populacja Miasto % Poprawnych
325 tys. Bydgoszcz
100%
195 tys. Toruń
100%
90 tys. Grudziądz
92%
70 tys. Inowrocław
92%
100 tys. Włocławek
92%
17 tys. Nakło nad Notecią
83%
30 tys. Brodnica
75%
18 tys. Chełmno
75%
13,7 tys. Chełmża
75%
10 tys. Ciechocinek
75%
15,4 tys. Rypin
75%
11,5 tys. Aleksandrów Kujawski
67%
11,2 tys. Golub-Dobrzyń
67%
25 tys. Świecie
67%
13 tys. Tuchola
67%
15,2 tys. Solec Kujawski
58%
9 tys. Kruszwica
42%
10,9 tys. Mogilno
42%
8,6 tys. Sępólno Krajeńskie
42%
13 tys. Wąbrzeźno
42%
5,6 tys. Więcbork
42%
13 tys. Żnin
42%
10,7 tys. Koronowo
33%
13,4 tys. Lipno
33%
5,3 tys. Nowe
33%
9,3 tys Szubin
33%
5 tys. Pakość
25%
5,1 tys. Strzelno
25%
6,8 tys. Barcin
17%
6,6 tys. Gniewkowo
17%
8 tys. Janikowo
17%
Nie znaleziono quizów pasujących do podanych kryteriów
Rozkład punktacji
Procent ludzi z każdym wynikiem
Percentyl według liczby udzielonych odpowiedzi
Twoja historia wyników
Nie rozwiązałeś tego quizu